00354nam a2200145Ia 4500003000400000005001700004008004100021040000900062082001800071100001600089245004400105250001100149260003900160300000900199OSt20200622114956.0190216s9999||||xx |||||||||||||| ||und|| coclc a954.02bSHA/H aSharma, L P 0aHistory Of Medieval India /cL P Sharma a3rdEd. bKonark Pub Pvt,c2000.aNew Delhi: a512p